书目信息 |
| 题名: |
考研数学强化复习全书
|
|
| 作者: | 北京市西城区教研中心 编 | |
| 分册: | ||
| 出版信息: | 北京 北京出版社 1994.01 |
|
| 页数: | 401页 | |
| 开本: | 26cm | |
| 丛书名: | ||
| 单 册: | ||
| 中图分类: | G633.6 , O13 | |
| 科图分类: | ||
| 主题词: | 高等数学 | |
| 电子资源: | ||
| ISBN: | 7-5682-2360-4 | |
| 000 | 00680nam0 2200205 450 | |
| 001 | 2883 | |
| 005 | 20161213153027.15 | |
| 010 | @a7-5682-2360-4@dCNY64.80 | |
| 100 | @a20000726d1994 km y0chiy0120 ea | |
| 101 | @achi | |
| 200 | 1 | @a考研数学强化复习全书@f北京市西城区教研中心编@Akao yan shu xue qiang hua fu xi quan shu@FBei Jing Shi Xi Cheng Qu Jiao Yan Zhong Xin Bian |
| 210 | @a北京@c北京出版社@d1994.01 | |
| 215 | @a401页@c无图表@d26cm | |
| 330 | @a高等数学·研究生·入学考试·自学参考 | |
| 606 | 0 | @a高等数学 |
| 690 | @aG633.6@v3 | |
| 690 | @aO13@v4 | |
| 701 | 0 | @a北京市西城区教研中心@4编 |
| 801 | 0 | @aCN@b大连网信软件有限公司图书馆·11@c20161213 |
| 905 | @aZUCC@dG633.6@e693 | |
| 考研数学强化复习全书/北京市西城区教研中心编.-北京:北京出版社,1994.01 |
| 401页:无图表;26cm |
| ISBN 7-5682-2360-4:CNY64.80 |
| 高等数学·研究生·入学考试·自学参考 |
| ● |
| 相关链接 |
|
|
|
|
正题名:考研数学强化复习全书
索取号:G633.6/693
 
预约/预借
| 序号 | 登录号 | 条形码 | 馆藏地/架位号 | 状态 | 备注 |
| 1 | 912221 | 209122215 | 第一样本阅览室/ [索取号:G633.6/693] | 在馆 | |
| 2 | 912222 | 209122224 | 第四借阅区/ [索取号:G633.6/693] | 在馆 | |
| 3 | 912223 | 209122233 | 第四借阅区/ [索取号:G633.6/693] | 在馆 | |
| 4 | 912224 | 209122242 | 第四借阅区/ [索取号:G633.6/693] | 在馆 | |
| 5 | 912225 | 209122251 | 第四借阅区/ [索取号:G633.6/693] | 在馆 |